Die Ärzte Songs nach Googleübersetzer - Teil 2 - Statistiken

Allgemein
  • Dieses Quiz wurde 41 mal gespielt
  • Das Durchschnittsergebnis liegt bei 9 aus 15
Antwortstatistiken
Hint Antwort % Korrekt
Machst du etwas, was sonst niemand tut? Trägst du High Heels oder einen Hut? Oder schwarze Kleidung?
Fragst du deine Nachbarn nicht um Erlaubnis?
Natürlich respektieren sie das.
Du bringst alle deine Nachbarn in Verlegenheit.
Du kennst ihre Namen nicht.
Wenn sie sich doch nur um dich kümmern würden.
Lass die Leute reden und hör nicht zu.
Die meisten Menschen haben keine andere Wahl.
Lass die Leute reden, Tag und Nacht.
Gib ihnen eine Chance; sie geben sie immer.
Lasse redn
91%
„Wir, wir.“ Seid ihr zu dritt? Es gibt kein Morgen, nur heute. Seitdem ist viel passiert: Sie heißt Andrea und hat schwarze Haare. Du verletzt Menschen, ohne es zu sehen, Aber sie ist das Mädchen, das du willst. Und es ist immer noch Punkrock! Wie hast du dich gefühlt, als du dieses Lied gelesen hast? Ist es immer noch Punkrock? Was ist dein Lieblingslied auf dieser Liste? Was ist Tractor Power? Ist es immer noch Punkrock? Ich weiß es nicht. Ist das noch Punkrock?
82%
Du fühlst dich unwohl. Deine Haare sind trocken, deine Haut ist verbrannt. Du bist weder zu dünn noch zu dick. Er ist viel gereist.
Und Geld hat dir nie gefehlt.
Aber es gibt noch etwas, das du zu schätzen weißt:
Die Werkzeuge sind besser geworden.
Und hier ist etwas, das du noch nicht weißt:
Die Haut in deinem Gesicht. Nein, Frauen mögen das nicht: Du verlierst buchstäblich drei Tage lang deine Haare.
3-Tage-Bart
79%
Ich habe Schweinefleisch aus meinem Brot genommen. Und ich esse viel Rindfleisch. Aber dann habe ich aufgehört, Fleisch zu essen. Mir ist das Herz in die Hose gerutscht. Ich werde nie dick oder rund, weil ich mich gut ernähre. Von nun an werde ich gut leben und den Tieren gerecht werden. Weil niemand mehr Tiere für mich töten wird. Ich habe Himbeeren auf mein Brot gestrichen! Halleluja (weil ich gegessen habe). Ich esse Blumen, weil mir Tiere leidtun. Ich esse lieber Basilikum als einen großen Schinken. Ich habe Blumen gegessen; das Fleisch schmeckt mir gut. Und es wird weniger riechen. Blumen
79%
Die Gräfin ist nicht mehr die, die sie einmal war.
Ja, die Gräfin ist jetzt einzigartig und wunderschön.
Ja, die Gräfin überlebt mit Bluttransfusionen, Spinnen und anderen Kreaturen.
Ja, die Gräfin ist keine Punkrockerin, sie ist ein Vampir.
Die Gräfin hatte lange Angst vor Kindern.
Ja, die Gräfin fühlt sich nutzlos, alt und leer.
Ja, die Gräfin weiß nichts über das Ozonloch und Atomkraft.
Ja, die Gräfin ist Geschichte, Blut und Nostalgie
Der Graf
76%
Ich habe den Termin mehrmals verschoben. Ich habe alles versucht, ich habe dir meine Lieblingslieder unter dem Sternenhimmel Mexikos vorgespielt.
Geh nicht hin, das stört mich.
Du sagtest, dir gefiel das Lied nicht, aber Ricky Martin war gut. Es ist nicht perfekt,
denn wir sind alle verschieden.
Schatz, natürlich liebe ich dich.
Aber es funktioniert nicht zwischen uns.
Denn eines ist mir klar: Du bist nicht perfekt.
Unrockbar
74%
Schließ die Augen und küss mich.
Er sagte, er liebt dich.
Ich weiß nicht, ob es stimmt.
Aber ich kann es nicht sagen.
Wenn du dich mir hingibst.
Schließ die Augen und küss mich.
Folge mir umsonst.
Ich habe vergessen, was passiert ist.
Ich dachte, ich träume.
Ich kannte niemanden.
Mach die Augen zu
68%
Ich hasse es, dich anzusehen. Wenn ich an dich denke, laufe ich weg. Bitte, lauf vom Fenster weg (lauf, lauf weg!). Ich sitze auf der Fensterkante und warte darauf, dass es herunterfällt. Was haben deine Eltern der Gesellschaft angetan? Warum schläfst du nicht unter der Straßenbahn? Du bist unnahbar, widerlich. Die Welt wäre viel besser ohne dich ... Ohne dich
62%
Du bist schlecht! Wir reden über diesen Typen, und du kannst es jedem erzählen. Er war (bisher) ziemlich gut. Dieser Mann ist perfekt; Ja, ich mache Champagner mit Wasser. Sie macht sogar Kaviar aus ihren Eiern (wirklich?). Er hatte ein tolles Lächeln und machte alle glücklich.
Denk dran: Rod liebt es! Ihm zufolge wissen wir jetzt, dass wir bescheiden und wertlos sind. Wir sind nicht anders. Wenn du das denkst, sei ehrlich. Sie sehen aus wie Zigaretten (ja, Sir! Ja, Sir!). Ich wurde geboren, um zu lieben, und du auch.
Rod Loves You
62%
Seit ich dich kenne, habe ich ein Problem. Du machst mich wütend, er wirklich. Du redest ununterbrochen, die ganze Zeit. Du atmest überhaupt nicht, wie schaffst du das?
Bitte gib mir eine Chance, es gibt nichts Besseres. Niemand kann diese instabile Sprache verteidigen! Waterfall ist nichts im Vergleich zu dir. Ich kann mich nicht mal umdrehen, es ist schrecklich. Du redest jeden Tag Unsinn.
Quark
59%
Ich kann keine Ampeln benutzen, ich weiß.
Was soll ich denn benutzen?
Er überredete den Zeitungsredakteur.
Ich möchte auch einen Kuchen kaufen
– na ja, das ist ein Witz.
Aber ich konnte einfach nicht aufgeben.
Ich muss mein Gehirn fragen.
Ich habe keine einfache Denkweise,
ich verstehe nicht viel von dem, was mit mir passiert.
Aber ich habe zwei Freunde, und ihnen ist dieses Lied gewidmet:
Weil ich ein Träumer bin (Schlagzeuger)
Weil ich ein Träumer bin (der Einzige)
Latein war egal, ich marschierte mit dem Chor.
Ich bin loyal, aber schüchtern (Obst).
Ich lächelte die Gesellschaft an (er war allein).
Ich war ein Mensch ohne Ziel, ich gehörte nirgendwo hin.
Weil ich ein Träumer bin
Goldenes Handwerk
47%
Du stemmst jede Nacht 80 Kilo. Deine Freundin sagt dir, wie stark du bist.
Im Schlaf schonst du deine Muskeln.
Aber an nichts anderes konntest du denken.
Böse Worte; sie sind hartnäckig und unerbittlich. Sie machen dich fertig, lassen dich schlecht aussehen, stellen dich bloß.
Dann hast du die Faust geballt und versucht, Kraft anzuwenden.
Und dann hast du mir wie verrückt ins Gesicht geschlagen – kalt wie Eis.
Jetzt stehe ich hier, blutüberströmt, und du dachtest, du schaffst das.
Aber ich öffnete den Mund, um zu sprechen, und du weißt:
Worte haben Macht.
Kraft
35%
Du verbringst den ganzen Tag online und wartest darauf, dass dir jemand die Wahrheit sagt. Selbst wenn dein Gott dir nahe ist, wirst du nicht glücklich sein und keine Ruhe finden. Es gibt so viel zu sehen und zu lernen,
und du kannst nichts anderes tun, als auf den Arzt zu hören.
Haha, haha
zeiDverschwÄndung
35%
Natürlich Politiker und natürlich Filmstars,
YouTube-Influencer und die Ziegen in unserem Zoo,
Lange Stimmung, gestern Fußballspiel,
und alle reden darüber, was Beyoncé gerade macht –
Aber warum redet niemand über Gitarren?
Ich glaube, es liegt daran, dass …
wir ihnen nichts zu sagen haben.
Warum spricht niemand über Gitarristen?
26%
Äh, das kannst du nicht übersehen. Was ist los mit mir? Äh, ich will nichts essen. Ich werde für dich verhungern. Du hast mir hundertmal ins Herz gestochen. Ich koche jeden Abend für dich. Ich gehe dieses Jahr einmal für dich aus. Ich habe nichts anderes gesehen. Ich klaue Maskenbildner für dich. Und dann hast du mit mir Schluss gemacht!? Äh, äh, äh – aber was jetzt? Was soll ich tun? Wegen dir
26%
Keine übereinstimmenden Quizze gefunden
Verteilung der Resultate
Anzahl Personen mit jedem Resultat
Perzentil nach korrekt beantworteten Fragen
Ihre Resultats-Entwicklung
Sie haben dieses Quiz noch nicht gespielt